| 000 | 00954nam a22003017a 4500 | ||
|---|---|---|---|
| 003 | CHAP | ||
| 005 | 20230522090729.0 | ||
| 008 | 111209s2006 mx a r 00010 spa d | ||
| 010 | _a102678 | ||
| 011 | _a103650 | ||
| 020 | _a9702606705 | ||
| 035 | _a114339 | ||
| 040 | _cCHAP | ||
| 082 | 0 | 4 |
_a543.1083 _bB14 2006 |
| 100 | 1 | 0 |
_aBaduí Dergal, Salvador _99378 |
| 245 | 1 | 0 |
_aQuímica de los alimentos _c/por Salvador Badui Dergal |
| 250 | _a4 ed. | ||
| 260 |
_aNaucalpan, Méx. : _bPearson Educación, _c2006 |
||
| 300 |
_a716 p. _bilus., gráfs., cuadros, diagramas |
||
| 590 |
_aBATCH-UPD _b10 _c20130110 _lUCH01 _h0857 |
||
| 590 |
_aBATCH-UPD _b10 _c20130410 _lUCH01 _h0527 |
||
| 590 |
_aBATCH-UPD _b10 _c20130914 _lUCH01 _h0224 |
||
| 590 |
_aCONVERSION _b10 _c20130109 _lUCH01 _h1357 |
||
| 650 | 1 | 4 |
_aAlimentos _xQuímica de. _94275 |
| 901 | _aBK | ||
| 942 | _cLIBRO | ||
| 949 |
_a543.1083 B14 2006 _bBC _cLIBRO _d33724002318504 _eLIBRO _h116189 _i114339 _si |
||
| 999 |
_c102678 _d102678 |
||